The archaeology of Greece : an introduction

Αποθηκεύτηκε σε:
Λεπτομέρειες βιβλιογραφικής εγγραφής
Κύριος συγγραφέας: Biers, William R. 1938-
Μορφή: Βιβλίο
Γλώσσα:English
Δημοσίευση: Ithaca : Cornell University Press, c1996
Έκδοση:2nd ed.
Θέματα:
Ετικέτες: Προσθήκη ετικέτας
Δεν υπάρχουν, Καταχωρήστε ετικέτα πρώτοι!

MARC

LEADER 00000nam a2200000 i 4500
001 1/68854
008 981030s1996 eng d
020 |a 0-8014-3173-5 
035 |l 10030276 
040 |a GR-MY-UA  |b gre  |e aacr 
041 0 |a eng 
082 0 |a 938 
100 1 |a Biers, William R.  |d 1938- 
245 1 4 |a The archaeology of Greece :  |b an introduction /  |c William R. Biers 
250 |a 2nd ed. 
260 |a Ithaca :   |b Cornell University Press,   |c c1996 
300 |a 350 p.  |b ill. 
504 |a Includes bibliographical references and index 
650 0 0 |a Excavations (Archaeology)  |z Greece. 
651 0 |a Greece  |x Antiquities. 
852 |a INST  |b LESVOS  |e 19981030  |h 938 BIE  |p 005100012833  |q 005100012833  |t BK  |y 0 
852 |a INST  |b LESVOS  |e 19990712  |h 938 BIE  |p 005100019893  |q 005100019893  |t BK  |y 0 
901 |a BIBL-1998-3 
909 |a Λ  |b 059933 
909 |a Λ  |b 062715 
922 |a 1ΕΛΗ  |b 199810  |c ΚΠΣ/ΤΓ  |d ΠΑΠΑΣΩΤΗΡΙΟΥ 
950 |a 118-1998-07-18 
950 |a 023-1998-09-14 
970 |a ΜΟΥΣΤΑΚΑ  |b ΠΗΝΕΛΟΠΗ  |z 1999/07/12